000 00633nam a2200229Ia 4500
003 OSt
005 20221007064056.0
006 a|||||r|||| 00| 0
007 ta
008 221006b |||||||| |||| 00| 0 eng d
024 _a16,910
037 _cTextual
040 _aFLL
_cFLL
_beng
041 _2eng
_aeng
082 _aX9JAT1:Z73, K4
100 _aHurst J.W.
_9685239
245 0 _aLaw and economic growth
260 _aCambridge
_bThe Belknap Press of Harvard University Press Massachusetts
_c1964
300 _a946p
_ccm.
942 _hX9JAT1:Z73, K4
_cTEXL
_2CC
999 _c1132923
_d1132923